Religión, evolución social e intersubjetividad /

Gespeichert in:
Bibliographische Detailangaben
1. Verfasser: Campos R, Domingo
Format: Text
Schlagworte:
Tags: Tag hinzufügen
Keine Tags, Fügen Sie den ersten Tag hinzu!

MARC

LEADER 00000 a a2200000 04500
001 13569
003
040
100 |a Campos R, Domingo  
245 |a Religión, evolución social e intersubjetividad /  |c Domingo Campos R  
650 |a RELIGION  
650 |a CAMBIO SOCIAL  
650 |a SOCIEDAD  
650 |a TEORIA  
650 |a PARTICIPACION SOCIAL  
650 |a CIENCIAS SOCIALES  
650 |a ANALISIS HISTORICO  
773 |g número 68; páginas 21-37  
999 |c 21454  |d 21454